Name The FNAF Charaters Part 1 - Statistics

General Stats
  • This quiz has been taken 18 times
    5 since last reset
  • The average score is 57 of 472
Answer Stats
From
Type
Answer % Correct
Fnaf 1 Classic Bonnie the Rabbit
100%
Fnaf 1 Classic Chica the Chicken
100%
Fnaf 1 Classic Freddy Fazbear
100%
Fnaf 1 Unclassified Golden Freddy
100%
Fnaf 2 Toy Balloon Boy
75%
FNAF World FNAF World Dee Dee
75%
Fnaf 1 Endoskeletons Endo-01
75%
Fnaf 2 Endoskeletons Endo-02
75%
Fnaf 1 Classic Foxy the Pirate
75%
Help Wanted Artificial Intelligence Glitchtrap
75%
Fnaf 4 Cupcake-Adjacent Jack-O-Lantern
75%
Fnaf 2 Toy JJ
75%
Fnaf 2 Toy Mangle
75%
Fnaf 1 Cupcake Mr. Cupcake
75%
Fnaf 2 Shadow RWQFSFASXC
75%
Fnaf 2 Shadow Shadow Freddy
75%
Fnaf 3 Unclassified Springtrap
75%
Fnaf 2 Toy The Puppet
75%
Fnaf 2 Toy Toy Bonnie
75%
Fnaf 2 Toy Toy Chica
75%
Fnaf 2 Cupcake Toy Cupcake
75%
Fnaf 2 Toy Toy Freddy
75%
Fnaf 2 Withered Withered Bonnie
75%
Fnaf 2 Withered Withered Chica
75%
Fnaf 2 Withered Withered Foxy
75%
Fnaf 2 Withered Withered Freddy
75%
Help Wanted Halloween Dreadbear
50%
Fnaf 2 Springlock Hybrids Fredbear
50%
Fnaf 4 Nightmare Freddles
50%
Fnaf 3 Cupcake Golden Cupcake
50%
Help Wanted Halloween Grimm Foxy
50%
Fnaf 4 Jack-O-Nightmare Jack-O-Bonnie
50%
FNAF World Jack-o-Nightmare Jack-O-Bonnie
50%
Fnaf 4 Jack-O-Nightmare Jack-O-Chica
50%
Fnaf 4 Nightmare Nightmare
50%
Fnaf 4 Nightmare Nightmare Balloon Boy
50%
Fnaf 4 Nightmare Nightmare Bonnie
50%
Fnaf 4 Nightmare Nightmare Chica
50%
Fnaf 4 Cupcake Nightmare Cupcake
50%
Fnaf 4 Nightmare Nightmare Foxy
50%
Fnaf 4 Nightmare Nightmare Fredbear
50%
Fnaf 4 Nightmare Nightmare Freddy
50%
Fnaf 4 Nightmare Nightmare Mangle
50%
Fnaf 4 Nightmare Nightmarionne
50%
Fnaf 3 Phantom Phantom Balloon Boy
50%
Fnaf 3 Phantom Phantom Chica
50%
Fnaf 3 Phantom Phantom Foxy
50%
Fnaf 3 Phantom Phantom Freddy
50%
Fnaf 3 Phantom Phantom Marionette
50%
Fnaf 4 Nightmare Plushtrap
50%
Help Wanted Plushbabies Plushtrap
50%
Fnaf 3 Shadow Shadow Balloon Boy
50%
Fnaf 3 Shadow Shadow Puppet
50%
Fnaf 3 Springlock Hybrids Spring Bonnie
50%
Fnaf 2 Unclassified Withered Golden Freddy
50%
Animatronic Delivery Arcade Mayhem Skins 8-Bit Baby
25%
Animatronic Delivery Cupcake 8-Bit Cupcake
25%
FNAF World 8-bit 8-Bit Fredbear
25%
Animatronic Delivery Screampunk Aeronaut Toy Freddy
25%
Animatronic Delivery Winter Arctic Ballora
25%
FNaF World: Halloween Edition Enemy Ball Boy
25%
Merch Balloon Balloon Bonnie
25%
Merch Balloon Balloon Chica
25%
Merch Balloon Balloon Foxy
25%
Merch Balloon Balloon Freddy
25%
Animatronic Delivery Scary Tales Skins Big Bad Foxy
25%
FNaF World: Halloween Edition Enemy Big Jack
25%
Animatronic Delivery Valentine Black Heart Bonnie
25%
Animatronic Delivery Winter Black Ice Frostbear
25%
Animatronic Delivery Forest Skins Boulder Toy Bonnie
25%
Animatronic Delivery Heatwave Broiler Baby
25%
FNAF World Enemy Browboy
25%
Help Wanted Hardmode Burnt Foxy
25%
Animatronic Delivery Cupcake Calavera Cupcake
25%
Help Wanted 2 Other Carnie
25%
Animatronic Delivery Chocolate Skins Chocolate Bonnie
25%
Merch Circus Circus Bonnie
25%
Merch Circus Circus Chica
25%
Merch Circus Circus Foxy
25%
Merch Circus Circus Freddy
25%
Animatronic Delivery Screampunk Clockwork Ballora
25%
Animatronic Delivery Screampunk Clockwork Minireena
25%
Animatronic Delivery Circus Skins Clown Springtrap
25%
Help Wanted Unclassified Coffee
25%
Help Wanted Hardmode Dark Foxy
25%
Help Wanted Hardmode Dark Freddy
25%
Animatronic Delivery Wicked Tides Dark Water Endo
25%
Animatronic Delivery Holiday Easter Bonnie
25%
Fazbear Frights Unclassified Eleanor
25%
Interactive Novel Endoskeleton Endoskeleton
25%
Fury's Rage Enemy Fire Girl
25%
Animatronic Delivery July 4th Skins Firework Freddy
25%
Animatronic Delivery Heatwave Flamethrower Endo
25%
Animatronic Delivery Heatwave Flaming Springtrap
25%
Animatronic Delivery Winter Freddy Frostbear
25%
Animatronic Delivery Winter Frost Plushtrap
25%
Animatronic Delivery Valentine Heartsick Baby
25%
Animatronic Delivery Arcade Mayhem Skins Highscore Toy Chica
25%
Fury's Rage Enemy Ice Freddy
25%
Help Wanted 2 The Daycare Attendent Jack-O-Moon
25%
Animatronic Delivery Screampunk Jetpack Balloon Boy
25%
Animatronic Delivery July 4th Skins Liberty Chica
25%
Animatronic Delivery Scary Tales Skins Little Red Chica
25%
Fazbear Frights Electronic Toys Lonely Freddy
25%
Fazbear Frights Electronic Toys Lucky Boy
25%
FNaF World: Halloween Edition Enemy Mad Endo
25%
FNaF World: Halloween Edition Enemy Madjack
25%
Animatronic Delivery Circus Skins Magician Mangle
25%
Fury's Rage Enemy Mega Brow
25%
Animatronic Delivery Chocolate Skins Melted Chocolate Bonnie
25%
FNAF World FNAF World Mendo
25%
FNaF World: Halloween Edition Enemy Mini-P
25%
Animatronic Delivery Cupcake Moldy Cupcake
25%
Help Wanted Hardmode Neon Bonnie
25%
Help Wanted Hardmode Neon Chica
25%
Help Wanted Endoskeletons Nightmare Endo
25%
Merch Holiday Nutcracker Foxy
25%
Help Wanted Hardmode Party Freddy
25%
Fnaf 3 Phantom Phantom Mangle
25%
Help Wanted Plushbabies PlushBaby
25%
Help Wanted Plushbabies Plushkins
25%
Fury's Rage Enemy Poison Foxy
25%
Animatronic Delivery Wasteland Radioactive Foxy
25%
FNaF World: Halloween Edition FNaF World: Halloween Edition Redbear
25%
Animatronic Delivery Circus Skins Ringmaster Foxy
25%
Animatronic Delivery Heatwave Scorching Chica
25%
Animatronic Delivery Cupcake Scorching Cupcake
25%
FNaF World: Halloween Edition FNaF World: Halloween Edition Security
25%
Animatronic Delivery Aztec Skins Serpent Mangle
25%
Fnaf 3 Cupcake Shadow Cupcake
25%
Help Wanted Hardmode Shadow Mangle
25%
Animatronic Delivery Holiday Shamrock Freddy
25%
Merch Holiday Snow Chica
25%
Animatronic Delivery Wicked Tides Sunken Toy Bonnie
25%
Animatronic Delivery Forest Skins Swamp Balloon Boy
25%
Animatronic Delivery Arcade Mayhem Skins System Error Toy Bonnie
25%
Animatronic Delivery Aztec Skins The Curse
25%
Animatronic Delivery Cupcake Torch Cupcake
25%
Animatronic Delivery Wasteland Toxic Springtrap
25%
Fury's Rage Enemy Trap
25%
Animatronic Delivery Arcade Mayhem Skins VR Toy Freddy
25%
FNAF World FNAF World White Rabbit
25%
Animatronic Delivery Forest Skins Woodland Toy Freddy
25%
FNaF World: Halloween Edition FNaF World: Halloween Edition Xangle
25%
FNaF World: Halloween Edition Enemy Anchovy
0%
Animatronic Delivery Funtime AR 8-Bit Baby
0%
Animatronic Delivery Toy AR Balloon Boy
0%
Animatronic Delivery Funtime AR Ballora
0%
Animatronic Delivery Classic AR Bonnie
0%
Animatronic Delivery Classic AR Chica
0%
Animatronic Delivery Funtime AR Circus Baby
0%
Animatronic Delivery Endoskeletons AR Endo-01
0%
Animatronic Delivery Classic AR Foxy
0%
Animatronic Delivery Classic AR Freddy Fazbear
0%
Animatronic Delivery Funtime AR Funtime Freddy
0%
Animatronic Delivery Classic AR Golden Freddy
0%
Animatronic Delivery Halloween AR Jack-O-Bonnie
0%
Animatronic Delivery Halloween AR Jack-O-Chica
0%
Animatronic Delivery Toy AR Mangle
0%
Animatronic Delivery Trap AR Plushtrap
0%
Animatronic Delivery Trap AR Springtrap
0%
Animatronic Delivery Toy AR Toy Bonnie
0%
Animatronic Delivery Toy AR Toy Chica
0%
Animatronic Delivery Toy AR Toy Freddy
0%
Interactive Novel Figurine Balloon Boy Figurine
0%
Fazbear Frights Unclassified Baron von Bear
0%
Fazbear Frights Unclassified Blackbird
0%
Merch Blacklight Blacklight Bonnie
0%
Merch Blacklight Blacklight Chica
0%
Merch Blacklight Blacklight Foxy
0%
Merch Blacklight Blacklight Freddy
0%
FNAF World Enemy Bouncepot
0%
Help Wanted Artificial Intelligence Carnival Nurse
0%
Help Wanted 2 Other Carnival Nurse
0%
Animatronic Delivery Holiday Catrina Toy Chica
0%
FNaF World: Halloween Edition Enemy Cheesehead
0%
Fazbear Frights Unclassified Coils
0%
Animatronic Delivery Arcade Mayhem Skins Dark Pink 8-Bit Cupcake
0%
Fnaf 3 Shadow FNAF 3 RWQFSFASXC
0%
Fnaf 4 Springlock Hybrids FNAF 4 Fredbear
0%
FNAF World Withered FNAF World Withered Bonnie
0%
Fury's Rage Enemy Dreamgeist
0%
Merch Holiday Elf Bonnie
0%
FNAF World FNAF World Endoplush
0%
Five Laps at Freddy's Endoskeleton Endowolf
0%
Help Wanted Food Exotic Butters
0%
Fazbear Frights Classic Fazbear Frights Bonnie the Rabbit
0%
Fazbear Frights Classic Fazbear Frights Chica the Chicken
0%
Fazbear Frights Springlock Hybrids Fazbear Frights Circus Baby
0%
Fazbear Frights Electronic Toys Fazbear Frights Ella
0%
Fazbear Frights Classic Fazbear Frights Foxy the Pirate
0%
Fazbear Frights Classic Fazbear Frights Freddy Fazbear
0%
Fazbear Frights Springlock Hybrids Fazbear Frights Funtime Foxy
0%
Fazbear Frights Springlock Hybrids Fazbear Frights Funtime Freddy
0%
Fazbear Frights Springlock Hybrids Fazbear Frights Golden Freddy
0%
Fazbear Frights Springlock Hybrids Fazbear Frights Minireena
0%
Fazbear Frights Cupcake Fazbear Frights Mr. Cupcake
0%
Fazbear Frights Unclassified Fazbear Frights Pigpatch
0%
Fazbear Frights Unclassified Fazbear Frights Puppet
0%
Fazbear Frights Unclassified Fazbear Frights RWQFSFASXC
0%
Fazbear Frights Springlock Hybrids Fazbear Frights Springlock Bon-Bon
0%
Fazbear Frights Unclassified Fazbear Frights Springtrap
0%
Fazbear Frights Unclassified Fazbear Frights Yellow Rabbit
0%
Fazbear Frights Unclassified Fetch
0%
Five Laps at Freddy's Toy Five Laps at Freddy's Balloon Boy
0%
Five Laps at Freddy's Classic Five Laps at Freddy's Bonnie
0%
Five Laps at Freddy's Classic Five Laps at Freddy's Chica
0%
Five Laps at Freddy's Classic Five Laps at Freddy's Foxy
0%
Five Laps at Freddy's Classic Five Laps at Freddy's Freddy Fazbear
0%
Five Laps at Freddy's Funtime Five Laps at Freddy's Lolbit
0%
Five Laps at Freddy's Toy Five Laps at Freddy's Mangle
0%
Five Laps at Freddy's Toy Five Laps at Freddy's Marionette
0%
Five Laps at Freddy's Springlock Hybrid Five Laps at Freddy's Springtrap
0%
Fnaf 3 Springlock Hybrids FNAF 3 Fredbear
0%
Fnaf 3 Paperpal FNAF 3 Paper Bonnie
0%
Fnaf 3 Paperpal FNAF 3 Paper Buddy
0%
Fnaf 3 Paperpal FNAF 3 Paper Freddy
0%
Fnaf 3 Shadow FNAF 3 Shadow Freddy
0%
Fnaf 4 Springlock Hybrids FNAF 4 Spring Bonnie
0%
FNAF World Toy FNAF World Balloon Boy
0%
FNAF World Classic FNAF World Bonnie
0%
FNAF World Classic FNAF World Chica
0%
FNAF World Funtime FNAF World Circus Baby
0%
FNAF World Cassic FNAF World Endo-01
0%
FNAF World Toy FNAF World Endo-02
0%
FNAF World Classic FNAF World Foxy
0%
FNAF World Springlock hybrid FNAF World Fredbear
0%
FNAF World Classic FNAF World Freddy Fazbear
0%
FNAF World Funtime FNAF World Funtime Foxy
0%
FNAF World Classic FNAF World Golden Freddy
0%
FNaF World: Halloween Edition Classic FNaF World: Halloween Edition Bonnie
0%
FNaF World: Halloween Edition FNaF World Enemy FnaF World: HAlloween Edition Brow Boy
0%
FNaF World: Halloween Edition Cassic FNAF World: Halloween Edition Chica
0%
FNaF World: Halloween Edition Cassic FNaF World: Halloween Edition Freddy Fazbear
0%
FNaF World: Halloween Edition FNaF World Classic FNaF World: Halloween Edition Tangle
0%
FNAF World Jack-o-Nightmare FNAF World Jack-O-Chica
0%
FNAF World Toy FNAF World JJ
0%
FNAF World Funtime FNAF World Lolbit
0%
FNAF World Toy FNAF World Mangle
0%
FNAF World Toy FNAF World Marionette
0%
FNAF World Nightmare Fnaf World Nightmare Balloon Boy
0%
FNAF World Nightmare FNAF World Nightmare Bonnie
0%
FNAF World Nightmare FNAF World Nightmare Chica
0%
FNAF World Nightmare FNAF World Nightmare Foxy
0%
FNAF World Nightmare FNAF World Nightmare Fredbear
0%
FNAF World Nightmare FNAF World Nightmare Freddy
0%
FNAF World Nightmare FNAF World Nightmarionne
0%
FNAF World Phantom FNAF World Phantom Balloon Boy
0%
FNAF World Phantom FNAF World Phantom Chica
0%
FNAF World Phantom FNAF World Phantom Foxy
0%
FNAF World Phantom FNAF World Phantom Freddy
0%
FNAF World Phantom FNAF World Phantom Mangle
0%
FNAF World Phantom FNAF World Phantom Marionette
0%
FNAF World Trap FNAF World Plushtrap
0%
FNAF World Shadow FNAF World RWQFSFASXC
0%
FNAF World Shadow FNAF World Shadow Freddy
0%
FNAF World Springlock Hybrid FNAF World Spring Bonnie
0%
FNAF World Springlock Hybrid FNAF World Springtrap
0%
FNAF World FNAF World FNAF World Tangle
0%
FNAF World Toy FNAF World Toy Bonnie
0%
FNAF World Toy FNAF World Toy Chica
0%
FNAF World Toy FNAF World Toy Freddy
0%
FNAF World Withered FNAF World Withered Chica
0%
FNAF World Withered FNAF World Withered Foxy
0%
FNAF World Withered FNAF World Withered Freddy Fazbear
0%
Freddy in Space 2 Cassic Freddy in space Bonnie
0%
Freddy in Space 2 Cassic Freddy in Space Chica
0%
Freddy in Space 2 Music Man Freddy in space DJ Music Man
0%
Freddy in Space 2 Cassic Freddy in space Foxy
0%
Freddy in Space 2 Springlock Hybrid Freddy in space Fredbear
0%
Freddy in Space 2 Cassic Freddy in space Freddy Fazbear
0%
Freddy in Space 2 Cassic Freddy in space Golden Freddy
0%
Freddy in Space 2 Funtime Freddy in space Lolbit
0%
Freddy in Space 2 Toy Freddy in space Puppet
0%
Freddy in Space 2 Freddy in space Freddy's Son
0%
Fazbear Frights Unclassified Friendly Face
0%
Animatronic Delivery Winter Frostbite Balloon Boy
0%
Fury's Rage Cassic Fury's Rage Chica
0%
Fury's Rage Cassic Fury's Rage Freddy
0%
Fury's Rage Enemy Fury's Rage Marionette
0%
Fury's Rage Glamrock Fury's Rage Monty
0%
Fury's Rage Cassic Fury's Rage Roxy
0%
Fury's Rage Scrap Fury's Rage Scraptrap
0%
Fury's Rage Enemy Fury's Rage Vanny
0%
Merch Holiday Gingerbread Foxy
0%
Animatronic Delivery Circus Skins Great Escape Golden Freddy
0%
FNaF World: Halloween Edition Enemy Half-Bake
0%
Help Wanted 2 Funtime Help Wanted 2 Ballora
0%
Help Wanted 2 Funtime Help Wanted 2 Bidybab
0%
Help Wanted 2 Funtime Help Wanted 2 Bonbon
0%
Help Wanted 2 Funtime Help Wanted 2 Bonnet
0%
Help Wanted 2 Other Help Wanted 2 Candy Cadet
0%
Help Wanted 2 Fox Help Wanted 2 Captain Foxy
0%
Help Wanted 2 Funtime Help Wanted 2 Circus Baby
0%
Help Wanted 2 Other Help Wanted 2 DJ Music Man
0%
Help Wanted 2 Halloween Help Wanted 2 Dreadbear
0%
Help Wanted 2 Other Help Wanted 2 Fruit Punch Clown
0%
Help Wanted 2 Funtime Help Wanted 2 Funtime Chica
0%
Help Wanted 2 Funtime Help Wanted 2 Funtime Foxy
0%
Help Wanted 2 Funtime Help Wanted 2 Funtime Freddy
0%
Help Wanted 2 Cupcake Help Wanted 2 Funtime Mr. Cupcake
0%
Help Wanted 2 Glamrock Help Wanted 2 Glamrock Bonnie
0%
Help Wanted 2 Glamrock Help Wanted 2 Glamrock Chica
0%
Help Wanted 2 Endoskeletons Help Wanted 2 Glamrock Endoskeletons
0%
Help Wanted 2 Glamrock Help Wanted 2 Glamrock Freddy
0%
Help Wanted 2 Trap Help Wanted 2 Glitchtrap
0%
Help Wanted 2 Other Help Wanted 2 Gumball Swivelhands
0%
Help Wanted 2 S.T.A.F.F. Bot Help Wanted 2 Head Chef Bot
0%
Help Wanted 2 Other Help Wanted 2 Helpy
0%
Help Wanted 2 Rockstar Help Wanted 2 Lefty
0%
Help Wanted 2 Other Help Wanted 2 Lemonade Clown
0%
Help Wanted 2 S.T.A.F.F. Bot Help Wanted 2 Mask Bot
0%
Help Wanted 2 Endoskeletons Help Wanted 2 Mimmic
0%
Help Wanted 2 Other Help Wanted 2 Mini Music Man
0%
Help Wanted 2 Funtime Help Wanted 2 Minireena
0%
Help Wanted 2 The Daycare Attendent Help Wanted 2 Moondrop
0%
Help Wanted 2 Cupcake Help Wanted 2 Mr. Cupcake
0%
Help Wanted 2 S.T.A.F.F. Bot Help Wanted 2 Nightmare Bots
0%
Help Wanted 2 Mediocre Melodies Help Wanted 2 Pigpatch
0%
Help Wanted 2 Plushbabies Help Wanted 2 Plushbabies
0%
Help Wanted 2 Other Help Wanted 2 Princess
0%
Help Wanted 2 Glamrock Help Wanted 2 Roxanne Wolf
0%
Help Wanted 2 Other Help Wanted 2 Ruined DJ Music Man
0%
Help Wanted 2 The Daycare Attendent Help Wanted 2 Ruined Moondrop
0%
Help Wanted 2 The Daycare Attendent Help Wanted 2 Ruined Sundrop
0%
Help Wanted 2 Funtime Help Wanted 2 Scrap Baby
0%
Help Wanted 2 Shattered Help Wanted 2 Shattered Chica
0%
Help Wanted 2 Shattered Help Wanted 2 Shattered Roxy
0%
Help Wanted 2 The Daycare Attendent Help Wanted 2 Sundrop
0%
Help Wanted 2 S.T.A.F.F. Bot Help Wanted 2 Worker Bots
0%
Help Wanted 2 Funtime Help Wanted 2 Yenndo
0%
Help Wanted Toy Help Wanted Balloon Boy
0%
Help Wanted Funtime Help Wanted Bidybab
0%
Help Wanted Toy Help Wanted Bonnet
0%
Help Wanted Classic Help Wanted Bonnie
0%
Help Wanted Classic Help Wanted Chica
0%
Help Wanted Funtime Help Wanted Circus Baby
0%
Help Wanted Classic Help Wanted Cupcakes
0%
Help Wanted Endoskeletons Help Wanted Endo-01
0%
Help Wanted Endoskeletons Help Wanted Endo-02
0%
Help Wanted Amalgamations Help Wanted Ennard
0%
Help Wanted Classic Help Wanted Foxy
0%
Help Wanted Classic Help Wanted Freddy Fazbear
0%
Help Wanted Funtime Help Wanted Funtime Foxy
0%
Help Wanted Funtime Help Wanted Funtime Freddy
0%
Help Wanted Unclassified Help Wanted HandUnit
0%
Help Wanted Unclassified Help Wanted Helpy
0%
Help Wanted Halloween Help Wanted Jack-O-Bonnie
0%
Help Wanted Halloween Help Wanted Jack-O-Chica
0%
Help Wanted Humans Help Wanted Jeremy
0%
Help Wanted Funtime Help Wanted Lolbit
0%
Help Wanted Toy Help Wanted Mangle
0%
Help Wanted Toy Help Wanted Marionette
0%
Help Wanted Funtime Help Wanted Minireena
0%
Help Wanted Nightmare Help Wanted Nightmare Balloon Boy
0%
Help Wanted Nightmare Help Wanted Nightmare Bonnie
0%
Help Wanted Nightmare Help Wanted Nightmare Chica
0%
Help Wanted Nightmare Help Wanted Nightmare Endo
0%
Help Wanted NIghtmare Help Wanted Nightmare Foxy
0%
Help Wanted NIghtmare Help Wanted Nightmare Fredbear
0%
Help Wanted NIghtmare Help Wanted Nightmare Freddy
0%
Help Wanted NIghtmare Help Wanted Nightmarionne
0%
Help Wanted Phantom Help Wanted Phantom Balloon Boy
0%
Help Wanted Phantom Help Wanted Phantom Foxy
0%
Help Wanted Phantom Help Wanted Phantom Freddy
0%
Help Wanted Phantom Help Wanted Phantom Mangle
0%
Help Wanted Unclassified Help Wanted Phone Guy
0%
Help Wanted Humans Help Wanted Princess
0%
Help Wanted Springlock Help Wanted Spring Bonnie
0%
Help Wanted Trap Help Wanted Springtrap
0%
Help Wanted Toy Help Wanted Toy Bonnie
0%
Help Wanted Toy Help Wanted Toy Chica
0%
Help Wanted Toy Help Wanted Toy Freddy
0%
Help Wanted Humans Help Wanted Vanessa
0%
Help Wanted Humans Help Wanted Vanny
0%
Help Wanted Withered Help Wanted Withered Bonnie
0%
Help Wanted Withered Help Wanted Withered Chica
0%
Help Wanted Withered Help Wanted Withered Foxy
0%
Help Wanted Withered Help Wanted Withered Freddy
0%
Interactive Novel Classic Interactive Novel Bonnie the Rabbit
0%
Interactive Novel Classic Interactive Novel Chica the Chicken
0%
Interactive Novel Springlock Interactive Novel Ella
0%
Interactive Novel Classic Interactive Novel Foxy the Pirate
0%
Interactive Novel Classic Interactive Novel Freddy Fazbear
0%
Interactive Novel Glamrock Interactive Novel Glamrock Chica
0%
Interactive Novel Glamrock Interactive Novel Glamrock Freddy
0%
Interactive Novel Classic Interactive Novel Golden Freddy
0%
Interactive Novel Glamrock Interactive Novel Montgomery Gator
0%
Interactive Novel Cupcake Interactive Novel Mr. Cupcake
0%
Interactive Novel Glamrock Interactive Novel Roxanne Wolf
0%
Interactive Novel Shadow Interactive Novel Shadow Freddy
0%
Interactive Novel Springlock Interactive Novel Spring Bonnie
0%
Interactive Novel Cupcake Interactive Novel Toy Cupcake
0%
Interactive Novel Unclassified Interactive Novel Yellow Rabbit
0%
Into the Pit Toy Into The Pit Balloon Boy
0%
Into the Pit Classic Into The Pit Bonnie
0%
Into the Pit Trash and the Gang Into The Pit Bucket Bob
0%
Into the Pit Classic Into The Pit Chica
0%
Into the Pit Into The Pit Eleanor
0%
Into the Pit Endoskeleton Into The Pit Endoskeleton
0%
Into the Pit Into The Pit Fetch
0%
Into the Pit Classic Into The Pit Freddy Fazbear
0%
Into the Pit Classic Into The Pit Golden Freddy
0%
Into the Pit AI Into The Pit Helpy
0%
Into the Pit Trash and the Gang Into The Pit Mr. CanDo
0%
Into the Pit Trash and the Gang Into The Pit Mr. Hugs
0%
Into the Pit Trash and the Gang Into The Pit No.1 Crate
0%
Into the Pit Trash and the Gang Into The Pit PanStan
0%
Into the Pit Into The Pit Stitchwraith
0%
Fazbear Frights Exoskeletons Julius' Exoskeleton
0%
FNaF World: Halloween Edition Enemy Mudpie
0%
Help Wanted 2 Other Mystic Hippo
0%
Fnaf 2 Paper Buddies Paper Bonnie
0%
Fnaf 2 Paper Buddies Paper Buddy
0%
Fnaf 2 Paper Buddies Paper Freddy
0%
FNaF World: Halloween Edition Boss Party Hat A
0%
FNaF World: Halloween Edition Boss Party Hat B
0%
Fazbear Frights Endoskeletons Pickle's Robot
0%
Animatronic Delivery Arcade Mayhem Skins Pink Highscore Toy Chica
0%
Animatronic Delivery Wicked Tides Piranha Plushtrap
0%
Fazbear Frights Electronic Toys Plushtrap Chaser
0%
FNaF World: Halloween Edition Boss Prototype
0%
Fury's Rage Enemy Punk Mangle
0%
Merch Puppet Puppet Bonnie
0%
Merch Puppet Puppet Chica
0%
Merch Puppet Puppet Foxy
0%
FNaF World: Halloween Edition FNaF World: Halloween Edition Purplegeist
0%
FNaF World: Halloween Edition FNaF World: Halloween Edition Quad Endo
0%
Fazbear Frights Unclassified Ralpho
0%
Interactive Novel Unclassified Reagent
0%
Fazbear Frights Exoskeletons Reed's Exoskeleton
0%
Fazbear Frights Springlock Hybrids Rosie Porkchop
0%
Merch Holiday Santa Freddy
0%
Fury's Rage Maker Scott Cawthon
0%
Help Wanted Plushbabies Scrap Plushbabies
0%
Fazbear Frights Exoskeletons Shelly's Exoskeleton
0%
Fazbear Frights Unclassified Sideshow
0%
Fury's Rage Enemy Soulbrawler
0%
Merch Spring Colorway Spring Colorway Cupcake
0%
Merch Spring Colorway Spring Colorway Foxy
0%
Merch Spring Colorway Spring Colorway Freddy
0%
Merch Spring Colorway Spring Colorway Vanny
0%
Fazbear Frights Springlock Hybrids Springlock Ballora
0%
Help Wanted Humans Steve Snodgrass
0%
Merch Stitched Stitched Bonnie
0%
Merch Stitched Stitched Chica
0%
Merch Stitched Stitched Foxy
0%
Merch Stitched Stitched Freddy
0%
Fazbear Frights Electronic Toys Tag-Along Freddy
0%
Help Wanted Humans Tape Girl
0%
Fazbear Frights Amalgamations The Agony
0%
Fnaf 4 Plush The Fredbear Plushie
0%
Fazbear Frights Unclassified The Real Jake Doll
0%
Fazbear Frights Endoskeletons The Stitchwraith
0%
Into the Pit Springtrap The Yellow Rabbit
0%
Fury's Rage Thug Enemy Thug Chica
0%
Fury's Rage Thug Enemy Thug Chipper
0%
Merch Tie-Dye Tie-Dye Bonnie
0%
Merch Tie-Dye Tie-Dye Chica
0%
Merch Tie-Dye Tie-Dye Foxy
0%
Merch Tie-Dye Tie-Dye Freddy
0%
Merch Tie-Dye Tie-Dye Funtime Foxy
0%
Merch Tie-Dye Tie-Dye Springtrap
0%
Interactive Novel Head Torture Freddy Head
0%
Interactive Novel Unclassified Very Informative Pig
0%
FNAF World FNAF World Virtua-Freddy
0%
Interactive Novel Virtual Virtual Informative Pig
0%
Help Wanted 2 Endoskeletons VR Endo
0%
Fury's Rage Enemy VR Sisters
0%
Fazbear Frights Trap VR Springtrap
0%
Fazbear Frights Unclassified Wooden Puppets
0%
Fazbear Frights Electronic Toys Yarg Foxy
0%
No matching quizzes found
Score Distribution
Percent of People with Each Score
Percentile by Number Answered
Your Score History
You have not taken this quiz since the last reset